| 000 | 00000nam##2200000za#4500 |
| 001 | 9.663734 |
| 003 | CaOODSP |
| 005 | 20220328113337 |
| 007 | ta |
| 008 | 150407|2002||||xxc||||| f|0| 0 fre|d |
| 020 | |a0-662-66560-0 |
| 040 | |aCaOODSP|bfre |
| 041 | |aeng |
| 041 | |afre |
| 043 | |an-cn--- |
| 086 | 1 |aIu4-1/2002 |
| 110 | 1 |aCanada. |bIndustrie Canada. |
| 245 | 10|aLes chaires de recherche du Canada : |bla recherche à son meilleur |
| 260 | |aOttawa - Ontario : |bIndustrie Canada |c2002. |
| 300 | |aTexte français, 5p. : |bill. ; |c28 cm. |
| 546 | |aBilingue |
| 563 | |aCouverture souple |
| 590 | |a02-20|b2002-05-17 |
| 691 | 07|aBrochure|2gcpds |
| 691 | 07|aChaire de recherche|2gcpds |
| 691 | 07|aProgramme fédéral|2gcpds |
| 776 | 0#|tLes chaires de recherche du Canada |w(CaOODSP)9.639904 |
| 776 | 0#|tCanada Research Chairs : |w(CaOODSP)9.695784 |
| 791 | |tCanada Research Chairs : |eeng|w(CaOODSP)9.663733 |